El impacto de la cooperación internacional en el desarrollo de la democracia y los derechos humanos /
El autor expone que al término de contención bipolar, los países del Norte establecieron por consenso que la democracia y los derechos humanos serían objetivos prioritarios de la cooperación internacional para el desarrollo. Sin embargo, a casi dos décadas de aquellas declaraciones y compromisos, es...
Na minha lista:
| Autor principal: | |
|---|---|
| Formato: | Texto |
| Assuntos: | |
| Tags: |
Adicionar Tag
Sem tags, seja o primeiro a adicionar uma tag!
|
MARC
| LEADER | 00000 a a2200000 04500 | ||
|---|---|---|---|
| 001 | 41005 | ||
| 003 | |||
| 040 | |||
| 100 | |a Prado Lallande, Juan Pablo | ||
| 245 | |a El impacto de la cooperación internacional en el desarrollo de la democracia y los derechos humanos / |c Juan Pablo Prado Lallande | ||
| 520 | |a El autor expone que al término de contención bipolar, los países del Norte establecieron por consenso que la democracia y los derechos humanos serían objetivos prioritarios de la cooperación internacional para el desarrollo. Sin embargo, a casi dos décadas de aquellas declaraciones y compromisos, estos objetivos no constituyen elementos relevantes de agenda internacional, ya que prevalecen intereses políticos, económicos y de seguridad. Este trabajo analiza dicha situación recurriendo a la experiencia estadounidenses y a la de la Unión Europea en la materia. Asimismo, se incluye algunas recomendaciones para que la cooperación internacional sea capaz de promover la protección e impulso de sendos objetivos en terceros países. | ||
| 590 | |a DISEMINAR072010 | ||
| 650 | |a COOPERACION INTERNACIONAL | ||
| 650 | |a DERECHOS HUMANOS | ||
| 650 | |a REFORMAS ESTRUCTURALES | ||
| 650 | |a DEMOCRACIA | ||
| 773 | |g volumen17, número33 ( enero-junio, 2009), 65-93 | ||
| 999 | |c 38963 |d 38963 | ||
